000 00242nam a22000977a 4500
999 _c11707
_d11707
008 200110b ||||| |||| 00| 0 eng d
020 _a059013695X
100 _aGannet Stiles Ruth
_97402
245 _aMy Father's Dragon
260 _aNew York
_c1948